000 01713nam0a2200349 4500
001 RU\NLR\BIBL_A\022801521
005 20260524044733.0
010 _a978-5-93615-394-5
_9500
035 _a(NLR Aleph) 022801521
090 _a13711347
_c13711347
100 _a20260506d2026 k y0rusy50 ca
101 0 _arus
102 _aRU
105 _aac z 011zy
181 0 _ai3
_baxxe
182 0 _an
200 1 _aПрогресс и развитие
_eсборник статей
_e[к 195-летию со дня рождения]
_fК. Н. Леонтьев
_gиздание подготовила О. Л. Фетисенко
_gРоссийская академия наук, Институт русской литературы (Пушкинский Дом)
203 _aТекст
_bвизуальный
_cнепосредственный
210 _aСанкт-Петербург
_cВладимир Даль
_d2026 (печ. 2025)
215 _a621 с., [1] л. портр.
_cил.
_d22
225 1 _aСлово о сущем
_fредкол.: В. М. Камнев [и др.]
_vт. 149
320 _aБиблиогр. в примеч.: с. 590-605 и в подстроч. примеч.
320 _aУказ. имен: с. 606-619
606 1 _aСлавянофильство
_jСборники
_9916444
_3RU\NLR\AUTH\6616038
686 1 _aТ3(2)5-475я44
686 1 _aЮ3(2)51-568я44
700 1 _7ca
_8rus
_aЛеонтьев
_bК. Н.
_f1831-1891
_gКонстантин Николаевич
_9123136
_3RU\NLR\AUTH\7713446
702 1 _aФетисенко
_bО. Л.
_f1971-
_gОльга Леонидовна
_4220
_4770
942 _cBOOK
980 _aNB